书目信息 |
| 题名: |
组织胚胎学
|
|
| 作者: | 徐昌芬 , 陈永珍 , 王晓冬 主编 | |
| 分册: | ||
| 出版信息: | 南京 东南大学出版社 2006.01 |
|
| 页数: | 229页 | |
| 开本: | 26cm | |
| 丛书名: | ||
| 单 册: | ||
| 中图分类: | R329.1 | |
| 科图分类: | ||
| 主题词: | 人体组织学--ren ti zu zhi xue--人体胚胎学--医学院校--教材 | |
| 电子资源: | ||
| ISBN: | 7-5641-0223-3 | |
| 000 | 01122nam0 2200301 450 | |
| 001 | 012006185749 | |
| 005 | 20060920103855.71 | |
| 010 | @a7-5641-0223-3@dCNY25.00 | |
| 100 | @a20060609d2006 km y0chiy0120 ea | |
| 101 | 0 | @achi |
| 102 | @aCN@b320000 | |
| 105 | @ay a 000yy | |
| 200 | 1 | @a组织胚胎学@Azu zhi pei tai xue@f徐昌芬, 陈永珍, 王晓冬主编@Fxu chang fen,chen yong zhen,wang xiao dong zhu bian |
| 210 | @a南京@c东南大学出版社@d2006.01 | |
| 215 | @a229页@d26cm | |
| 300 | @a高等医学院校系列教材 | |
| 300 | @a高等医学院校系列教材可供临床医学、护理及其他医学相关专业使用 | |
| 312 | @a英文题名取之封面。 | |
| 320 | @a有书目 | |
| 330 | @a本书介绍组织学绪论、细胞、上皮组织、血液与血细胞、肌肉组织、神经组织、循环系统、免疫系统、皮肤、消化腺、呼吸系统、泌尿系统等内容。 | |
| 510 | 1 | @aHistology and embryology@zeng |
| 606 | 0 | @a人体组织学@Aren ti zu zhi xue@x人体胚胎学@x医学院校@j教材 |
| 690 | @aR329.1@v4 | |
| 701 | 0 | @a徐昌芬@Axu chang fen@4主编 |
| 701 | 0 | @a陈永珍@Achen yong zhen@4主编 |
| 701 | 0 | @a王晓冬@Awang xiao dong@4主编 |
| 801 | 0 | @aCN@bQSSK@c20060920 |
| 905 | @a10447@dR329.1@eX681 | |
| 组织胚胎学/徐昌芬, 陈永珍, 王晓冬主编.-南京:东南大学出版社,2006.01 |
| 229页;26cm |
| 高等医学院校系列教材.-高等医学院校系列教材可供临床医学、护理及其他医学相关专业使用 |
| ISBN 7-5641-0223-3:CNY25.00 |
| 本书介绍组织学绪论、细胞、上皮组织、血液与血细胞、肌肉组织、神经组织、循环系统、免疫系统、皮肤、消化腺、呼吸系统、泌尿系统等内容。 |
| ● |
| 相关链接 |
|
|
|
正题名:组织胚胎学
索取号:R329.1/X681
 
预约/预借
| 序号 | 登录号 | 条形码 | 馆藏地/架位号 | 状态 | 备注 |
| 1 | 581475 | 205814751 | 自科库401/401自科库 14排1列5层/ [索取号:R329.1/X681] | 在馆 | |
| 2 | 581476 | 205814760 | 自科库401/401自科库 14排1列5层/ [索取号:R329.1/X681] | 在馆 | |
| 3 | 581477 | 205814779 | 自科库401/401自科库 14排1列5层/ [索取号:R329.1/X681] | 在馆 |